| 000 | 00444nam a2200181Ia 4500 | ||
|---|---|---|---|
| 001 | 13007 | ||
| 005 | 20260306163022.0 | ||
| 008 | 260306t2000||||xx |||||||||||||| ||spa|| | ||
| 041 | _aESP | ||
| 082 |
_aRD 657.03 _bA49 |
||
| 100 |
_aÁlvarez Aguilar, José _eAUT |
||
| 245 | 0 | _aDiccionario de auditoría gubernamental | |
| 260 | _c2000 | ||
| 300 |
_a285 páginas : _c20 cm. |
||
| 650 | _aGEN | ||
| 654 | _aCCO | ||
| 942 |
_cDIC _dJUS _fJUS _2ddc _n |
||
| 999 |
_c13007 _d13007 |
||